1592 1789 1920 1266 1883 1712 1407 1378 1167 1608 1685 1289 1666 1590 1165 1888 1043 1524 1976 1777 1097 1246 1885 1884 1488 1834 1112 1601 1918 1184 1907 1841 1749 1912 1154 1583 1178 1757 1454 1115 1131 1114 1073 1021 1906 1073 1279 1762 1278 1753 1363 1685 1165 1604 1080 1560 1669 1457 1389 1733 1685 1107 1720 1993 1543 1431 1080 1447 1556 1864 1771 1850 1099 1182 1785 1784 1721 1433 1761 1439 1170 1209 1985 1496 1707 1177 1785 1918 1332 1372 1014 1586 1047 1176 1445 1110 1486 1867 1976 BCNSPRNW ULIB Ver.6.0+V

เปลี่ยนเป็นภาษาไทย

Change to English
 แสดงรายละเอียดบรรณานุกรม
  กลับหน้าหลัก

Brief Record : Get Marc (ISO 2709) : E-mail record : QR code < ปิดหน้าต่าง
LEADER : 00000nam 2200000uu 4500
001    13399111531
003     ULIB
008    110630s||||||||th 000 0 tha d
020    9747233886
050 04 BQ7640.S64^bท335ช 2548
100 0  เท็นซิน กยัตโส,^cทะไลลามะ
245 10 ชั่วขณะสุดท้ายแห่งชีวิต :^bคำอธิษฐานเพื่อการจากไปอย่างสุขสงบและชีวิตที่ดีกว่า /^cโดย ทะไลลามะ ; เจฟฟรี ฮ็อปกินส์, บรรณาธิการและผู้ถอดความเป็นภาษาอังกฤษ ; ธารา รินศานต์, แปล ; พจนา จันทรสันติ, บรรณาธิการ
250    พิมพ์ครั้งที่ 1
260    กรุงเทพฯ :^bมูลนิธิโกมลคีมทอง,^c2548
300    30, 158 หน้า ;^c21 ซม
500    แปลจาก Advice on dying and living a better life
650  7 ชีวิตทางศาสนา^xพุทธศาสนา
650  7 ความตาย^xแง่ศาสนา^xพุทธศาสนา
650  7 พุทธศาสนา^xคำสั่งสอน
700 1  ฮอพกินส์, เจฟฟรีย์
700 0  ธารา รินศานต์
700 12 Bstan-dzin-rgya-mtsho,^cDalai Lama XIV,^d1935-.^tAdvice on dying and living a better life
945    ^p180^l0^i026690
995    ทศพร
999 ^a ใช้งานได้ทุกระบบ
รายการนี้ยังไม่มีแท็ก
คุณยังไม่ได้ล็อกอิน คุณสามารถมีกิจกรรมร่วมกับเว็บไซต์ได้ แต่ต้องล็อกอินก่อน ::
  ล็อกอิน

รายการสื่อสารสนเทศ

ลำดับที่ ประเภท เลขเรียก/บาร์โค้ด สถานที่ สถานะ
- ไม่พบข้อมูล -

BibComment


ยังไม่เคยถูกคอมเมนท์

คอมเมนท์ทรัพยากรรายการนี้
  คอมเมนท์: ชั่วขณะสุดท้ายแห่..


 Copyright 2026. Bcnsprnw @Library